| 000 | 00525nam a2200145 a 4500 | ||
|---|---|---|---|
| 001 | 000028664 | ||
| 005 | 20200930055050.0 | ||
| 008 | 110411s1987 dr abd 000 0 spa d | ||
| 040 |
_aDO-SdBNP _bspa _cBNPHU |
||
| 110 | 2 |
_aRepública Dominicana _bSecretaría de Estado de Agricultura _bSubsecretaría de Recursos Naturales _955634 |
|
| 245 | 1 | 0 | _aClasificación y aptitud para uso de los suelos de la cuenca del rio Ocoa /. |
| 260 |
_aSanto Domingo : _bDIORN, _c1987. |
||
| 300 |
_a[82] P. : _bil., map. ; _c28 cm. |
||
| 049 | _aBNPD | ||
| 999 |
_c28156 _d28156 |
||